| 000 | 01221cad a22002175a 4500 | ||
|---|---|---|---|
| 001 | L137754 | ||
| 008 | 070427e20071104xxk f f000 0 eng d | ||
| 035 | _a(Sirsi) u137754 | ||
| 041 | 0 | _aeng | |
| 110 | 2 | _aHousing Corporation | |
| 245 | 0 | 4 |
_aThe national affordable housing programme _b2008-11 pre-prospectus _h[electronic resource] |
| 260 |
_aLondon _bHC _c2007 |
||
| 520 | _aOutlines how the Corporation plans to increase efficiencies in its investment processes. Describes the framework for the bidding round of the Programme. Launches and describes how to apply for pre-qualification as investment partners, and the criteria which are used for assessment. This process is open to both Registered Social Landlords and private sector providers. Sets out the Specialist Provision route for 2008-11, along with policy priorities for bidders to consider. | ||
| 590 | _aKA | ||
| 610 | 2 | 4 | _aHousing Corporation |
| 650 | 2 | 4 |
_aAffordable housing _96215 |
| 651 | 4 |
_aEngland and Wales _y1543- |
|
| 690 | _aPROPERTY-RESIDENTIAL PROPERTY-RESIDENTIAL PROPERTY FINANCE AND INVESTMENT | ||
| 856 | 4 | 0 |
_uhttps://www.housingcorp.gov.uk/server/show/nav.440 _zView the item free of charge at www.housingcorp.gov.uk... |
| 942 | _n0 | ||
| 999 |
_c106895 _d106895 |
||